[Event "Heinola Suomi 100 ottelu Vierumaki"]
[Site "Heinola"]
[Date "2017.11.18"]
[Round "2"]
[White "Kolegov, Andrey"]
[Black "Guba, Miklos"]
[Result "1/2-1/2"]
[WhiteElo "2024"]
[BlackElo "2214"]
[PlyCount "20"]
[EventDate "2017.11.17"]
[EventType "swiss"]
[EventRounds "3"]
[EventCountry "FIN"]
[SourceTitle "EXT 2022"]
[Source "ChessBase"]
[SourceDate "2021.10.06"]
[SourceVersion "1"]
[SourceVersionDate "2021.10.06"]
[SourceQuality "1"]

1. e4 c5 2. Nf3 Nc6 3. g3 g6 4. d3 Bg7 5. Bg2 d6 6. 0-0 e6 7. Re1 Nge7 8. Nbd2 0-0 9. h4 e5 10. c3 b5 1/2-1/2

[Event "HUN-chT2 Breyer 0607"]
[Site "Hungary"]
[Date "2007.05.06"]
[Round "10"]
[White "Zsigmond, Karoly"]
[Black "Guba, Miklos"]
[Result "0-1"]
[WhiteElo "2117"]
[BlackElo "2154"]
[PlyCount "82"]
[EventDate "2006.11.12"]
[EventType "team"]
[EventRounds "11"]
[EventCountry "HUN"]
[SourceTitle "EXT 2008"]
[Source "ChessBase"]
[SourceDate "2007.11.25"]
[SourceVersion "1"]
[SourceVersionDate "2007.11.25"]
[SourceQuality "1"]
[WhiteTeam "Kiraly Sakk"]
[BlackTeam "Szentendre"]
[WhiteTeamCountry "HUN"]
[BlackTeamCountry "HUN"]

1. e4 d5 2. exd5 Qxd5 3. Nc3 Qd6 4. d4 Nf6 5. Nf3 c6 6. Bc4 Bf5 7. 0-0 e6 8. Ne2 Be7 9. Bf4 Qb4 10. Bb3 Nbd7 11. Ng3 Bg4 12. c3 Qa5 13. h3 Bh5 14. Nxh5 Nxh5 15. Bh2 Nhf6 16. Qe2 0-0 17. Bc2 Rfe8 18. b4 Qh5 19. a4 a5 20. b5 cxb5 21. axb5 b6 22. c4 Rac8 23. Bd3 Bb4 24. Rfc1 Qh6 25. Rc2 Re7 26. Qf1 g6 27. g4 Qf8 28. Bf4 Ree8 29. Qc1 Red8 30. Bg5 Be7 31. Be3 Bd6 32. Bf1 Qe7 33. Ne5 Bxe5 34. dxe5 Nxe5 35. Bxb6 Nf3+ 36. Kg2 Nh4+ 37. Kh1 Qb7+ 38. f3 Qxb6 39. Qf4 Nd5 40. Qg3 g5 41. Raa2 Ne3 0-1

[Event "HUN-chT2 Breyer 0607"]
[Site "Hungary"]
[Date "2007.04.29"]
[Round "9"]
[White "Guba, Miklos"]
[Black "Bokros, Istvan"]
[Result "1/2-1/2"]
[WhiteElo "2154"]
[BlackElo "2164"]
[PlyCount "35"]
[EventDate "2006.11.12"]
[EventType "team"]
[EventRounds "11"]
[EventCountry "HUN"]
[SourceTitle "EXT 2008"]
[Source "ChessBase"]
[SourceDate "2007.11.25"]
[SourceVersion "1"]
[SourceVersionDate "2007.11.25"]
[SourceQuality "1"]
[WhiteTeam "Szentendre"]
[BlackTeam "Penzugyor II"]
[WhiteTeamCountry "HUN"]
[BlackTeamCountry "HUN"]

1. e4 c5 2. Nc3 a6 3. Nf3 d6 4. d4 cxd4 5. Nxd4 Nf6 6. Be3 e6 7. Bd3 b5 8. a3 Bb7 9. f4 Nbd7 10. Nb3 Rc8 11. 0-0 h5 12. Qe2 Ng4 13. Kh1 Nxe3 14. Qxe3 Nc5 15. f5 e5 16. Rad1 Be7 17. Nxc5 Rxc5 18. Be2 1/2-1/2

[Event "HUN-chT2 Breyer 0607"]
[Site "Hungary"]
[Date "2006.11.26"]
[Round "2"]
[White "Sarok, Peter"]
[Black "Guba, Miklos"]
[Result "0-1"]
[WhiteElo "2186"]
[BlackElo "2154"]
[PlyCount "88"]
[EventDate "2006.11.12"]
[EventType "team"]
[EventRounds "11"]
[EventCountry "HUN"]
[SourceTitle "EXT 2008"]
[Source "ChessBase"]
[SourceDate "2007.11.25"]
[SourceVersion "1"]
[SourceVersionDate "2007.11.25"]
[SourceQuality "1"]
[WhiteTeam "Kisber Aszar"]
[BlackTeam "Szentendre"]
[WhiteTeamCountry "HUN"]
[BlackTeamCountry "HUN"]

1. d4 d5 2. c4 e6 3. Nf3 c6 4. Nc3 Nf6 5. e3 Be7 6. Bd3 dxc4 7. Bxc4 b5 8. Bd3 Bb7 9. 0-0 Nbd7 10. Qe2 a6 11. a3 c5 12. Rd1 Qb6 13. Bc2 Rc8 14. h3 0-0 15. dxc5 Bxc5 16. e4 e5 17. Bg5 Rfe8 18. Rac1 Bxa3 19. Bb3 Bc5 20. Bxf6 Nxf6 21. Ng5 Rf8 22. Rc2 h6 23. Nf3 Rfe8 24. Nh4 Bd4 25. Nf5 Rcd8 26. Rcd2 Bc8 27. Qf3 Bxf5 28. Qxf5 Kf8 29. g4 g6 30. Qf3 Kg7 31. h4 Bxc3 32. Rxd8 Rxd8 33. Rxd8 Qxd8 34. bxc3 Qd7 35. g5 hxg5 36. hxg5 Nh5 37. Kf1 Nf4 38. c4 bxc4 39. Bxc4 Qd2 40. Kg1 Qc1+ 41. Bf1 Qe1 42. Qa3 Qxe4 43. Qe7 Qf5 44. Bc4 Qg4+ 0-1

[Event "HUN-chT2 Charousek 0506"]
[Site "Hungary"]
[Date "2006.04.09"]
[Round "10"]
[White "Meszaros, Tamas"]
[Black "Guba, Miklos"]
[Result "1-0"]
[WhiteElo "2400"]
[BlackElo "2173"]
[PlyCount "61"]
[EventDate "2005.10.16"]
[EventType "team"]
[EventRounds "11"]
[EventCountry "HUN"]
[SourceTitle "EXT 2009"]
[Source "ChessBase"]
[SourceDate "2008.11.26"]
[SourceVersion "1"]
[SourceVersionDate "2008.11.26"]
[SourceQuality "1"]
[WhiteTeam "Csuti II"]
[BlackTeam "Szentendre"]
[WhiteTeamCountry "HUN"]
[BlackTeamCountry "HUN"]

1. e4 d5 2. exd5 Qxd5 3. Nc3 Qa5 4. d4 Nf6 5. Nf3 Bf5 6. Bc4 c6 7. Bd2 e6 8. Nd5 Qd8 9. Nxf6+ Qxf6 10. Ne5 Nd7 11. Nxd7 Kxd7 12. c3 Qg6 13. 0-0 Bd6 14. Qf3 Be4 15. Qh3 Bf5 16. Qe3 Qh5 17. g3 Qg6 18. Rfe1 h5 19. h4 Rag8 20. b4 Qg4 21. Be2 Qh3 22. Bf1 Qg4 23. Be2 Qh3 24. Bf1 Qg4 25. d5 exd5 26. Qxa7 Bc7 27. Qxb7 Rb8 28. Re7+ Kxe7 29. Qxc7+ Kf6 30. Qd6+ Be6 31. Bg5+ 1-0

[Event "HUN-chT2 Charousek 0506"]
[Site "Hungary"]
[Date "2006.02.12"]
[Round "7"]
[White "Guba, Miklos"]
[Black "Kerek, Csaba"]
[Result "0-1"]
[WhiteElo "2173"]
[BlackElo "2288"]
[PlyCount "64"]
[EventDate "2005.10.16"]
[EventType "team"]
[EventRounds "11"]
[EventCountry "HUN"]
[SourceTitle "EXT 2009"]
[Source "ChessBase"]
[SourceDate "2008.11.26"]
[SourceVersion "1"]
[SourceVersionDate "2008.11.26"]
[SourceQuality "1"]
[WhiteTeam "Szentendre"]
[BlackTeam "BEAC"]
[WhiteTeamCountry "HUN"]
[BlackTeamCountry "HUN"]

1. e4 d5 2. exd5 Nf6 3. Nc3 Nxd5 4. Nxd5 Qxd5 5. Qf3 c6 6. Qxd5 cxd5 7. d4 Bf5 8. c3 Nc6 9. Nf3 f6 10. Bf4 g5 11. Bg3 h5 12. h3 Kf7 13. Bb5 e6 14. Ke2 Bh6 15. Bd3 Rae8 16. Bd6 Bxd3+ 17. Kxd3 e5 18. dxe5 fxe5 19. Ke2 Re6 20. Ba3 e4 21. Ne1 d4 22. cxd4 Nxd4+ 23. Kf1 Rc8 24. Rd1 Bg7 25. Bb4 Nc2 26. Rd7+ Kg6 27. Rxb7 e3 28. fxe3 Nxe3+ 29. Ke2 Nf5+ 30. Kf3 Bd4 31. g4 Re3+ 32. Kf2 Re7+ 0-1

[Event "HUN-chT2 Charousek 0506"]
[Site "Hungary"]
[Date "2005.10.30"]
[Round "2"]
[White "Guba, Miklos"]
[Black "Sebestyen, Balazs"]
[Result "1/2-1/2"]
[WhiteElo "2173"]
[BlackElo "2321"]
[PlyCount "102"]
[EventDate "2005.10.16"]
[EventType "team"]
[EventRounds "11"]
[EventCountry "HUN"]
[SourceTitle "EXT 2009"]
[Source "ChessBase"]
[SourceDate "2008.11.26"]
[SourceVersion "1"]
[SourceVersionDate "2008.11.26"]
[SourceQuality "1"]
[WhiteTeam "Szentendre"]
[BlackTeam "Decs"]
[WhiteTeamCountry "HUN"]
[BlackTeamCountry "HUN"]

1. e4 e6 2. d3 d5 3. Qe2 Nf6 4. Nf3 Nc6 5. c3 b6 6. g3 Bb7 7. Bg2 Qd7 8. e5 Ng4 9. Bf4 h5 10. Nbd2 0-0-0 11. Nb3 f6 12. h3 Ngxe5 13. Bxe5 Nxe5 14. Nxe5 fxe5 15. Qxe5 Bd6 16. Qg5 h4 17. 0-0-0 Rdf8 18. Rhf1 Rf5 19. Qg4 Rhf8 20. Nd4 Rxf2 21. gxh4 e5 22. Nb5 Qxg4 23. Nxd6+ cxd6 24. hxg4 Kc7 25. Rxf2 Rxf2 26. Rd2 Rf4 27. Bh3 Bc8 28. h5 Bxg4 29. Bxg4 Rxg4 30. Rh2 Kc6 31. h6 gxh6 32. Rxh6 Rg2 33. Rh4 Kc5 34. a4 a6 35. Rh8 Kc6 36. Rc8+ Kb7 37. Rd8 Kc7 38. Ra8 Kb7 39. Rd8 Kc7 40. Ra8 a5 41. Re8 Rg4 42. b3 d4 43. cxd4 Rxd4 44. Kc2 Kc6 45. Kc3 Kd5 46. Rb8 Rb4 47. Re8 e4 48. dxe4+ Rxe4 49. Rb8 Re3+ 50. Kc2 Kc5 51. Rc8+ Kd5 1/2-1/2

[Event "HUN-chT2 Charousek 0405"]
[Site "Hungary"]
[Date "2005.04.10"]
[Round "10"]
[White "Solymosi, Istvan"]
[Black "Guba, Miklos"]
[Result "1/2-1/2"]
[WhiteElo "2184"]
[BlackElo "2166"]
[PlyCount "62"]
[EventDate "2004.09.26"]
[EventType "team"]
[EventRounds "11"]
[EventCountry "HUN"]
[SourceTitle "EXT 2008"]
[Source "ChessBase"]
[SourceDate "2007.11.25"]
[SourceVersion "1"]
[SourceVersionDate "2007.11.25"]
[SourceQuality "1"]
[WhiteTeam "Gyor Elektromos"]
[BlackTeam "Szentendre"]
[WhiteTeamCountry "HUN"]
[BlackTeamCountry "HUN"]

1. d4 Nf6 2. c4 g6 3. Nc3 Bg7 4. e4 d6 5. f4 0-0 6. Nf3 c6 7. Be2 Nbd7 8. e5 Ne8 9. 0-0 c5 10. Be3 Nc7 11. exd6 exd6 12. d5 Re8 13. Bf2 Nf6 14. Bd3 Ng4 15. Bh4 Bf6 16. Bxf6 Qxf6 17. Qd2 Bf5 18. Bxf5 Qxf5 19. Rae1 Nf6 20. Nh4 Qg4 21. g3 h6 22. Kg2 Qd7 23. Qd3 Kg7 24. h3 Rab8 25. a4 a6 26. g4 b5 27. cxb5 axb5 28. g5 Nh5 29. Rxe8 Rxe8 30. axb5 Qe7 31. Qd2 hxg5 1/2-1/2

[Event "Zuzmara op"]
[Site "Aggtelek"]
[Date "2005.02.13"]
[Round "7"]
[White "Marosi, Csaba"]
[Black "Guba, Miklos"]
[Result "0-1"]
[WhiteElo "2119"]
[BlackElo "2165"]
[PlyCount "36"]
[EventDate "2005.02.10"]
[EventType "swiss"]
[EventRounds "7"]
[EventCountry "HUN"]
[SourceTitle "EXT 2008"]
[Source "ChessBase"]
[SourceDate "2007.11.25"]
[SourceVersion "1"]
[SourceVersionDate "2007.11.25"]
[SourceQuality "1"]

1. e4 d5 2. d4 dxe4 3. f3 e5 4. dxe5 Qxd1+ 5. Kxd1 exf3 6. Nxf3 Bg4 7. h3 Bxf3+ 8. gxf3 Nc6 9. f4 0-0-0+ 10. Bd3 Bc5 11. Bd2 Nge7 12. Nc3 Nb4 13. Ne4 Nxd3 14. cxd3 Bb6 15. Ke2 Nf5 16. Bc3 Rd7 17. Rad1 Re8 18. Kf3 Red8 0-1

[Event "Zuzmara op"]
[Site "Aggtelek"]
[Date "2005.02.11"]
[Round "2"]
[White "Guba, Miklos"]
[Black "Tatar Kis, Szabolcs"]
[Result "0-1"]
[WhiteElo "2165"]
[BlackElo "2422"]
[PlyCount "42"]
[EventDate "2005.02.10"]
[EventType "swiss"]
[EventRounds "7"]
[EventCountry "HUN"]
[SourceTitle "EXT 2008"]
[Source "ChessBase"]
[SourceDate "2007.11.25"]
[SourceVersion "1"]
[SourceVersionDate "2007.11.25"]
[SourceQuality "1"]

1. e4 c5 2. Nc3 Nc6 3. f4 g6 4. Nf3 Bg7 5. Bc4 d6 6. 0-0 Nf6 7. d3 0-0 8. Qe1 a6 9. Qh4 e6 10. f5 d5 11. Bb3 c4 12. fxg6 cxb3 13. gxf7+ Rxf7 14. Ng5 Rf8 15. Bd2 d4 16. Ne2 e5 17. Rf2 h6 18. Raf1 bxa2 19. Nh3 Bxh3 20. Bxh6 Ng4 21. Rxf8+ Qxf8 0-1

[Event "HUN-chT2 Charousek 0405"]
[Site "Hungary"]
[Date "2004.12.19"]
[Round "5"]
[White "Kosztolanczi, Gyula"]
[Black "Guba, Miklos"]
[Result "1/2-1/2"]
[WhiteElo "2195"]
[BlackElo "2166"]
[PlyCount "90"]
[EventDate "2004.09.26"]
[EventType "team"]
[EventRounds "11"]
[EventCountry "HUN"]
[SourceTitle "EXT 2008"]
[Source "ChessBase"]
[SourceDate "2007.11.25"]
[SourceVersion "1"]
[SourceVersionDate "2007.11.25"]
[SourceQuality "1"]
[WhiteTeam "Tapolca"]
[BlackTeam "Szentendre"]
[WhiteTeamCountry "HUN"]
[BlackTeamCountry "HUN"]

1. e4 d5 2. exd5 Qxd5 3. Nc3 Qa5 4. d4 Nf6 5. Nf3 Bf5 6. Bc4 c6 7. Bd2 e6 8. Qe2 Bb4 9. 0-0-0 Nbd7 10. Ne5 0-0 11. Nxd7 Nxd7 12. g4 Bg6 13. h4 h5 14. a3 Bxa3 15. bxa3 Qxa3+ 16. Kb1 b5 17. Ba2 b4 18. Ne4 b3 19. Bxb3 Rab8 20. Bc1 Qb4 21. gxh5 Bf5 22. h6 Nf6 23. Nxf6+ gxf6 24. Rhg1+ Kh8 25. Rg3 a5 26. Bb2 a4 27. d5 Qxh4 28. Rd4 Qh1+ 29. Qd1 Qxd1+ 30. Rxd1 Rxb3 31. dxc6 e5 32. c7 Rxg3 33. fxg3 Rc8 34. Rd8+ Kh7 35. Rxc8 Bxc8 36. Bc1 f5 37. Kb2 f4 38. gxf4 Kxh6 39. fxe5+ Kg6 40. Kc3 Kf5 41. Kd4 Ke6 42. Ba3 Kd7 43. Bd6 f6 44. Kc5 fxe5 45. Bxe5 Bb7 1/2-1/2

[Event "HUN-chT2 Charousek 0405"]
[Site "Hungary"]
[Date "2004.10.10"]
[Round "2"]
[White "Guba, Miklos"]
[Black "Papp, Tamas"]
[Result "0-1"]
[WhiteElo "2166"]
[BlackElo "2171"]
[PlyCount "108"]
[EventDate "2004.09.26"]
[EventType "team"]
[EventRounds "11"]
[EventCountry "HUN"]
[SourceTitle "EXT 2008"]
[Source "ChessBase"]
[SourceDate "2007.11.25"]
[SourceVersion "1"]
[SourceVersionDate "2007.11.25"]
[SourceQuality "1"]
[WhiteTeam "Szentendre"]
[BlackTeam "Decs"]
[WhiteTeamCountry "HUN"]
[BlackTeamCountry "HUN"]

1. e4 c5 2. Nc3 e6 3. Nf3 a6 4. d4 cxd4 5. Nxd4 b5 6. Be3 Qc7 7. Be2 Bb7 8. f3 Bb4 9. 0-0 Nf6 10. Nb1 d5 11. exd5 Nxd5 12. Bf2 0-0 13. c3 Bc5 14. Qe1 Nf4 15. Nd2 Nxe2+ 16. Qxe2 Bd5 17. Rfe1 Bd6 18. g3 Nd7 19. Ne4 Be7 20. g4 g6 21. Bg3 e5 22. Nb3 f5 23. gxf5 gxf5 24. Ned2 Rae8 25. Kh1 Bd6 26. Rad1 Ba8 27. Rg1 Kh8 28. Rg2 Nf6 29. c4 f4 30. Bh4 e4 31. Bxf6+ Rxf6 32. Rf1 e3 33. c5 Be5 34. Ne4 Bxe4 35. fxe4 a5 36. Qg4 a4 37. Nc1 Rg6 38. Qh5 Rxg2 39. Qxe8+ Rg8 40. Qxb5 f3 41. Rxf3 Bxh2 42. Qf1 Rg1+ 43. Qxg1 Bxg1 44. Kxg1 Qg7+ 45. Kf1 Qxb2 46. Ne2 Qb1+ 47. Kg2 Qxe4 48. Kg3 Qe5+ 49. Kg2 Qxc5 50. Rf4 Qd5+ 51. Kg3 Qxa2 52. Kf3 a3 53. Re4 Qd5 54. Kxe3 Qxe4+ 0-1

[Event "HUN-chT2 Breyer 0203"]
[Site "Hungary"]
[Date "2003.03.02"]
[Round "8"]
[White "Revesz, Zoltan"]
[Black "Guba, Miklos"]
[Result "1/2-1/2"]
[WhiteElo "2088"]
[BlackElo "2143"]
[PlyCount "86"]
[EventDate "2002.09.22"]
[EventType "team"]
[EventRounds "11"]
[EventCountry "HUN"]
[SourceTitle "EXT 2009"]
[Source "ChessBase"]
[SourceDate "2008.11.26"]
[SourceVersion "1"]
[SourceVersionDate "2008.11.26"]
[SourceQuality "1"]

1. e4 d5 2. exd5 Qxd5 3. Nc3 Qa5 4. d4 Nf6 5. Nf3 Bf5 6. Bd2 c6 7. Bc4 e6 8. 0-0 Bb4 9. a3 Bxc3 10. Bxc3 Qc7 11. a4 0-0 12. Qe2 Nbd7 13. Bb3 Rac8 14. Rfd1 Rfe8 15. h3 Be4 16. Bd2 c5 17. Bg5 c4 18. Ba2 Bd5 19. Ne5 Ne4 20. Bh4 Nd6 21. Bg3 Nf5 22. Bh2 Nxe5 23. dxe5 Qc6 24. Qg4 Nh6 25. Qg5 Qxa4 26. c3 Qc2 27. Rd2 Qg6 28. Qxg6 hxg6 29. Bb1 a6 30. g4 Red8 31. Bf4 Bf3 32. Rxd8+ Rxd8 33. Bc2 Kh8 34. Ra4 Bd5 35. Ra5 Rc8 36. Be3 Ng8 37. Bb6 Ne7 38. Ba4 Bc6 39. Bc2 Nd5 40. Bd4 Bb5 41. Be4 Rd8 42. Bxd5 Rxd5 43. f4 Kg8 1/2-1/2

[Event "HUN-chT2 Breyer 0203"]
[Site "Hungary"]
[Date "2002.09.22"]
[Round "1"]
[White "Guba, Miklos"]
[Black "D Albini, Geza"]
[Result "0-1"]
[WhiteElo "2143"]
[BlackElo "2129"]
[PlyCount "70"]
[EventDate "2002.09.22"]
[EventType "team"]
[EventRounds "11"]
[EventCountry "HUN"]
[SourceTitle "EXT 2009"]
[Source "ChessBase"]
[SourceDate "2008.11.26"]
[SourceVersion "1"]
[SourceVersionDate "2008.11.26"]
[SourceQuality "1"]

1. e4 c6 2. d3 d5 3. Qe2 g6 4. g3 Bg7 5. Bg2 d4 6. f4 c5 7. Nf3 Nc6 8. 0-0 e6 9. e5 Nge7 10. Nbd2 0-0 11. Ne4 b6 12. h3 Bb7 13. Nh2 Na5 14. Ng4 Bxe4 15. Bxe4 Rc8 16. Bd2 Nac6 17. h4 h5 18. Nf2 Nf5 19. g4 Ng3 20. Qf3 Nxf1 21. Kxf1 hxg4 22. Qxg4 f5 23. exf6 Qxf6 24. Bxg6 Ne5 25. Bh7+ Kxh7 26. Qh5+ Qh6 27. Qe2 Nc6 28. f5 Qf6 29. Ne4 Qxf5+ 30. Kg2 Ne5 31. Ng5+ Kg8 32. Kg3 Bh6 33. Rh1 Bxg5 34. hxg5 Qf3+ 35. Qxf3 Rxf3+ 0-1

[Event "Berze Memorial 7th"]
[Site "Godollo"]
[Date "1996.??.??"]
[Round "?"]
[White "Guba, Miklos"]
[Black "Homoki, Gabor"]
[Result "1/2-1/2"]
[WhiteElo "2020"]
[BlackElo "1890"]
[PlyCount "32"]
[EventDate "1996.??.??"]
[EventType "swiss"]
[EventRounds "9"]
[EventCountry "HUN"]
[SourceTitle "EXT 2004"]
[Source "ChessBase"]
[SourceDate "2003.11.25"]
[SourceVersion "1"]
[SourceVersionDate "2003.11.25"]
[SourceQuality "1"]

1. e4 c5 2. Bc4 e6 3. Nc3 Nc6 4. a3 g6 5. d3 Bg7 6. Bd2 Nge7 7. Nf3 0-0 8. 0-0 d5 9. exd5 exd5 10. Ba2 Bg4 11. h3 Be6 12. Ng5 Nf5 13. Rb1 a6 14. Ne2 Qd7 15. Nf4 b5 16. c3 Nd6 1/2-1/2